| 000 | 00923cam a2200313 a 4500 | ||
|---|---|---|---|
| 001 | 3380431 | ||
| 003 | NUST | ||
| 005 | 20211207111103.0 | ||
| 008 | 880811s1987 pk b 001 0beng | ||
| 010 | _a 87931286 | ||
| 020 | _cRs200.00 ($20.00 U.S.) | ||
| 038 | _awaseem | ||
| 040 |
_aDLC _cDLC _dDLC |
||
| 043 | _aa-pk--- | ||
| 050 | 0 | 0 |
_aKPL110.J56 _bA86 1987 |
| 082 | 0 | 0 |
_a340.092 _bAHM |
| 100 | 1 |
_aAhmad, Riaz. _985885 |
|
| 245 | 1 | 0 |
_aQuaid-i-Azam as an advocate / _cRiaz Ahmad. |
| 260 |
_aRawalpindi, Pakistan : _bAlvi Publishers, _c2014. |
||
| 300 |
_axi, 449 p. ; _c23 cm. |
||
| 500 | _aIncludes index. | ||
| 504 | _aBibliography: p. [425]-426. | ||
| 563 | _aHBK. | ||
| 600 | 1 | 0 |
_aJinnah, Mahomed Ali, _d1876-1948. _985886 |
| 650 | 0 |
_aLawyers _zPakistan _xBiography. _985887 |
|
| 906 |
_a7 _bcbc _corignew _d3 _encip _f19 _gy-gencatlg |
||
| 942 |
_2ddc _cBK |
||
| 999 |
_c587152 _d587152 |
||